<?xml version="1.0" encoding="UTF-8"?>
<record
    xmlns:xsi="http://www.w3.org/2001/XMLSchema-instance"
    xsi:schemaLocation="http://www.loc.gov/MARC21/slim http://www.loc.gov/standards/marcxml/schema/MARC21slim.xsd"
    xmlns="http://www.loc.gov/MARC21/slim">

  <leader>00679nam a2200145Ia 4500</leader>
  <controlfield tag="008">090124s9999    xx            000 0 und d</controlfield>
  <datafield tag="082" ind1=" " ind2=" ">
    <subfield code="b">32900</subfield>
  </datafield>
  <datafield tag="245" ind1=" " ind2=" ">
    <subfield code="a"> &#x92A;&#x94D;&#x930;&#x935;&#x93E;&#x938;&#x940; &#x92E;&#x93F;&#x924;&#x94D;&#x930; &#x916;&#x902;&#x921; 2 &#x930;&#x93E; ( &#x938;&#x902;&#x92A;&#x942;&#x930;&#x94D;&#x923; &#x926;&#x915;&#x94D;&#x937;&#x93F;&#x923; &#x92D;&#x93E;&#x930;&#x924; )</subfield>
  </datafield>
  <datafield tag="250" ind1=" " ind2=" ">
    <subfield code="a">2</subfield>
  </datafield>
  <datafield tag="260" ind1=" " ind2=" ">
    <subfield code="b">&#x91A;&#x93F;&#x924;&#x93E;&#x930;&#x940; &#x92A;&#x94D;&#x930;&#x92E;&#x94B;&#x926; &#x909;&#x930;&#x94D;&#x92B; &#x928;&#x93E;&#x930;&#x93E;&#x92F;&#x923;</subfield>
    <subfield code="c">1999</subfield>
  </datafield>
  <datafield tag="300" ind1=" " ind2=" ">
    <subfield code="a">527</subfield>
  </datafield>
  <datafield tag="630" ind1=" " ind2=" ">
    <subfield code="a"> &#x92A;&#x94D;&#x930;&#x935;&#x93E;&#x938;&#x940; &#x92E;&#x93F;&#x924;&#x94D;&#x930; &#x916;&#x902;&#x921; 2 &#x930;&#x93E; ( &#x938;&#x902;&#x92A;&#x942;&#x930;&#x94D;&#x923; &#x926;&#x915;&#x94D;&#x937;&#x93F;&#x923; &#x92D;&#x93E;&#x930;&#x924; )</subfield>
  </datafield>
  <datafield tag="730" ind1=" " ind2=" ">
    <subfield code="a"> &#x92A;&#x94D;&#x930;&#x935;&#x93E;&#x938;&#x940; &#x92E;&#x93F;&#x924;&#x94D;&#x930; &#x916;&#x902;&#x921; 2 &#x930;&#x93E; ( &#x938;&#x902;&#x92A;&#x942;&#x930;&#x94D;&#x923; &#x926;&#x915;&#x94D;&#x937;&#x93F;&#x923; &#x92D;&#x93E;&#x930;&#x924; )</subfield>
  </datafield>
  <datafield tag="942" ind1=" " ind2=" ">
    <subfield code="c">BOOK</subfield>
  </datafield>
  <datafield tag="999" ind1=" " ind2=" ">
    <subfield code="c">180379</subfield>
    <subfield code="d">180379</subfield>
  </datafield>
  <datafield tag="952" ind1=" " ind2=" ">
    <subfield code="0">0</subfield>
    <subfield code="1">0</subfield>
    <subfield code="4">0</subfield>
    <subfield code="7">0</subfield>
    <subfield code="a">THNMGS</subfield>
    <subfield code="b">THNMGS</subfield>
    <subfield code="d">0000-00-00</subfield>
    <subfield code="g">225.00</subfield>
    <subfield code="l">0</subfield>
    <subfield code="o">32900</subfield>
    <subfield code="p">THNMGS-32900</subfield>
    <subfield code="r">2009-01-24 00:00:00</subfield>
    <subfield code="v">225.00</subfield>
    <subfield code="w">2009-01-24</subfield>
    <subfield code="y">BOOK</subfield>
  </datafield>
</record>
